Regulačné nástroje

Podrobná bibliografia
Hlavný autor: Silvan, Juraj (Autor)
Médium: Článok
Jazyk:slovenčina

MARC

LEADER 00000nab a2200000uu 4500
001 vtls011486288
003 SK-MaSNL
005 20260303154411.0
008 230222|2009 xo |||||||||||||||||slo|
015 |a SNBRB 
035 |a (urnnbn)urn:nbn:sk:snk:ar-0079dt 
035 |a (uuid)e69ef0d0-4216-4e56-99d1-4a3545027207 
035 |a urn:nbn:sk:snk-abdcgh 
040 |a SNKBUCL  |b slo  |c SNKBUCL  |e AACR2 
041 0 |a slo 
044 |a xo  |c SK 
100 1 |a Silvan, Juraj  |4 aut  |9 659303 
245 1 0 |a Regulačné nástroje  |c Juraj Silvan 
773 0 |t Urbanita : vedecko-technické informácie z oblasti urbanizmu a územného plánovania  |g Roč. 21, č. 1 (2009), s. 34-36 
954 |a odborná, vedecká literatúra pôvodná (slovenská)  |2 lita 
958 |a OND 
958 |a EUIPO 
958 |a article18 
999 |c 2033980  |d 2035910